000 00787nam a2200265Ia 4500
003 OSt
005 20220925223253.0
006 a|||||r|||| 00| 0
007 ta
008 220923b |||||||| |||| 00| 0 eng d
037 _cGeneral Book
040 _aRTL
_cRTL
_beng
041 _2eng
_aeng
082 _aY9(X), M9
100 _aGregory C A
_9143622
245 0 _aObserving the economy
260 _aLondon
_bRoutledge
_c1989
300 _axi,253p
_ccm.
490 _aAssociation of Social Anthropologists Research Methods in Social Anthropology
500 _aBibliography: p 226-242
650 _aSociology of Economics
_9240398
700 _a Altman J C
_9289345
942 _hY9(X), M9
_cGB
_2CC
999 _c579115
_d579115